[Hermann Rauschning: Geschichte der Musik und Musikpflege in Danzig]
| Titel: | [Hermann Rauschning: Geschichte der Musik und Musikpflege in Danzig] / Helmut Loos |
|---|---|
| Verfasser: | |
| In: |
Preußenland, Band 8 (2017), Seite 221-220 alle Artikel anzeigen |
| Veröffentlicht: | 2017 [2018] |
| Format: | Aufsatz |
| Sprache: | Deutsch |
X
alg: 43223791 001A $03025:01-06-18 001B $01999:27-07-21 $t17:20:38.000 001C $03025:01-06-18 $t12:35:29.000 001D $03025:01-06-18 001U $0utf8 001X $00 002@ $0Aou 002C $aText $btxt $2rdacontent 002D $aohne Hilfsmittel zu benutzen $bn $2rdamedia 002E $aBand $bnc $2rdacarrier 003@ $0432237917 007A $0432237917 $aHEB 010@ $ager 010E $erda 011@ $a2017 $n2017 [2018] 013D $#Newspapers Sections, columns, etc. Reviews $#Book reviewing $#Journaux Cahiers, chroniques, etc. Comptes rendus $#Livres Recension $#Rezension $#Buchbesprechung $#Buchrezension $#Buchkritik $74049712-4 $8Rezension [Ts1] $9085138568 021A $a[Hermann Rauschning: Geschichte der Musik und Musikpflege in Danzig] $hHelmut Loos 028A $BVerfasser $#Loos, Helmut $4aut $7132332663 $8Loos, Helmut$Z1950- [Tp1] $9182876330 031A $d8 $h221-220 $j2017 039B $aEnthalten in $8--Abvc--. Preußenland. - Osnabrück : Fibre-Verl., 1963-. - ISSN 0032-7972 $x201700000080000779 $9047115017 039T $aRezension von $8--Aau--Rauschning, Hermann$Z1887-1982 [Tp1]. Geschichte der Musik und Musikpflege in Danzig. - Neudruck der 1931 in Danzig erschienenen Ausgabe. - Münster/Westfalen : Nicolaus-Copernicus-Verlag, 2017. - XXI, 434 Seiten. - Illustrationen, Notenbeispiele. - ISBN 978-3-924238-52-0 $9419140271 045F $a900.9438 $eDDC23BSB 045F/01 $a900 045F/03 $g438 045F/03 $g4382 045T $a8,1 lok: 43223791 78 exp: 43223791 78 1 #EPN 201B/01 $016-06-21 $t16:42:23.000 201C/01 $001-06-18 201U/01 $0utf8 203@/01 $01022922513 208@/01 $a01-06-18 $be 209A/01 $a/ $f000 $x00 209A/01 $ab*p $x01 220C/01 $akoe 244Z/01 $#Generalgouvernement Polen $#Polska $#Rzeczpospolita Polska $#Polska Rzeczpospolita Ludowa $#Poland $#Pologne $#République Polonaise $#Generalne Gubernatorstwo w Polsce $#Polish People's Republic $#Polska Rzeczpospolita Polen $#PRL $#RP $#Polen Generalgouvernement $#Polska Generalgouvernement $#Besetzte Polnische Gebiete $#Besetztes Gebiet in Polen $#Okupowane Polskie Obszary $#Obszary Okupowane w Polsce $#Volksrepublik Polen $#Polska Rosyjska $#Republic Polen $#Respublika Pol'ša $#Pol'skaja Narodnaja Respublika $#République de Pologne $#Polen Links der Weichsel $#Polska po Lewej Stronie Wisły $#Lenkija $#Polija $#Gubernija Carstva Pol'skago $#Republik Polen $74046496-9 $8--Tg1--Polen $x01 $9085129801 244Z/01 $#Preußen $#Preußen $#Brandenburg-Preußen $#Königreich Preußen $#Preußische Staaten $#Preußischer Staat $#Der @Preußische Staat $#Königlich Preußische Staaten $#Prusy Królewskie $#Königlich Preußen $#Prussia $74047194-9 $8--Tg1--Preußen $x11 $9085131652 244Z/01 $#Westpreußen $#Königlich-Preußen $#Polnisch-Preußen $#Königliches Preußen $74079244-4 $8--Tg1--Westpreußen $x17 $908522510X 247C/01 $82080>Marburg/Lahn, Herder-Institut, Forschungsbibliothek, Bibliographieportal $9336309341
| LEADER | 00000caa a2200000 c 4500 | ||
|---|---|---|---|
| 001 | 432237917 | ||
| 003 | DE-603 | ||
| 005 | 20210727172038.0 | ||
| 007 | tu | ||
| 008 | 180601s2017 xx |||| | u00||u|ger c | ||
| 035 | |a (DE-599)HEB432237917 | ||
| 040 | |a DE-603 |b ger |c DE-603 |d DE-603 |e rda | ||
| 041 | |a ger | ||
| 082 | 0 | 4 | |8 1\u |a 900.9438 |q DE-101 |2 23/BSB |
| 084 | |a 8,1 |2 ssgn | ||
| 085 | |8 1\u |b 900 | ||
| 085 | |8 1\u |z 2 |s 438 | ||
| 085 | |8 1\u |z 2 |s 4382 | ||
| 100 | 1 | |a Loos, Helmut |d 1950- |e Verfasser |4 aut |0 (DE-603)182876330 |0 (DE-588)132332663 |2 gnd | |
| 245 | 0 | 0 | |a [Hermann Rauschning: Geschichte der Musik und Musikpflege in Danzig] |c Helmut Loos |
| 264 | 0 | |c 2017 [2018] | |
| 336 | |a Text |b txt |2 rdacontent | ||
| 337 | |a ohne Hilfsmittel zu benutzen |b n |2 rdamedia | ||
| 338 | |a Band |b nc |2 rdacarrier | ||
| 655 | 7 | |a Rezension |2 gnd-content |0 (DE-588)4049712-4 |0 (DE-603)085138568 | |
| 773 | 0 | 8 | |i Enthalten in |t Preußenland |d Osnabrück : Fibre-Verl., 1963- |h 24 cm |x 0032-7972 |g Band 8 (2017), Seite 221-220 |w (DE-603)047115017 |w (DE-600)123737-8 |
| 787 | 0 | 8 | |i Rezension von |a Rauschning, Hermann, 1887-1982 |t Geschichte der Musik und Musikpflege in Danzig |b Neudruck der 1931 in Danzig erschienenen Ausgabe |d Münster/Westfalen : Nicolaus-Copernicus-Verlag, 2017 |h XXI, 434 Seiten, Illustrationen, Notenbeispiele |z 9783924238520 |w (DE-603)419140271 |
| 924 | 0 | |9 2080 |a (DE-603)1022922513 |b DE-2080 |c HES |d d |g / | |


